000 00538nam a2200169 a 4500
001 000024881
005 20200930023427.0
008 110207s1999 ve r 000 0 spa d
020 _a9800758186
040 _aDO-SdBNP
_bspa
_cBNPHU
082 _ann*
_bnn*
245 0 3 _aEl hombre invisible :
_bpoesía negra en lengua inglesa /
_cSelección, traducción y prólogo de Douglas A. Palma.
260 _aVenezuela :
_bFondo Editorial Toromaina,
_c1999.
300 _a62 p. ;
_c20 cm.
700 1 _aPalma, Douglas,
_etr.
_951064
049 _aBNGR
999 _c24374
_d24374